| 000 | 00940nam2a22002291 4500 | ||
|---|---|---|---|
| 001 | rc\1178922 | ||
| 005 | 20250621234226.0 | ||
| 035 | _a(NLR Aleph) 005980413 | ||
| 090 |
_a7022605 _c7022605 |
||
| 100 | _a20070321d1980 |||y0rusy50 ca | ||
| 101 | 0 | _arus | |
| 102 | _aRU | ||
| 105 | _aa ||||||||| | ||
| 200 | 0 | _aВып. 2 | |
| 210 |
_d1980 _aБ. м. |
||
| 215 |
_a79 с. _cил. |
||
| 461 | 0 |
_1001rc\1189459 _12001#$aКаталог товарных знаков...$fМ-во пищ. пром-сти СССР, ЦНИИ информ. и техн.-экон. исслед. пищ. пром-сти$vВып. 2 _96962718 _cМ. _d1981 _fМ-во пищ. пром-сти СССР, ЦНИИ информ. и техн.-экон. исслед. пищ. пром-сти _nБ. и. _tКаталог товарных знаков... _vВып. 2 |
|
| 801 | 0 |
_aRU _bNLR _gpsbo |
|
| 801 | 1 |
_aRU _bELAR _2rusmarc |
|
| 852 |
_aNLR _bПт _j10.2/975 |
||
| 942 | _cBOOK | ||
| 980 | _aNB | ||